[Event "FICGS class C 000236 email"]
[Site "FICGS email"]
[Date "2016.08.05"]
[Round "1"]
[White "Mevel, Alberic"]
[Black "Drozdovas, Arturas"]
[Result "1/2-1/2"]
[WhiteElo "1901"]
[BlackElo "2000"]
[PlyCount "45"]
[EventDate "2016.??.??"]
[EventType "tourn (corr)"]
[EventRounds "1"]
[SourceTitle "Corr 2022"]
[Source "ChessBase"]
[SourceDate "2021.10.24"]
[SourceVersion "1"]
[SourceVersionDate "2021.10.24"]
[SourceQuality "1"]

1. e4 e5 2. Nf3 Nc6 3. d4 exd4 4. Nxd4 Nf6 5. Nxc6 bxc6 6. e5 Qe7 7. Qe2 Nd5 8. c4 Ba6 9. Nd2 g6 10. Nf3 Qb4+ 11. Kd1 Rb8 12. Qc2 Ne7 13. Bd3 Bg7 14. a3 Qb7 15. Re1 0-0 16. b4 d6 17. Bg5 dxe5 18. Nxe5 Rfe8 19. Nd7 Bxa1 20. Nxb8 Qxb8 21. Rxe7 Rxe7 22. Bxe7 Bd4 23. f3 1/2-1/2

[Event "FICGS rapid A 000191 email"]
[Site "FICGS email"]
[Date "2016.08.05"]
[Round "1"]
[White "Mevel, Alberic"]
[Black "Drozdovas, Arturas"]
[Result "1/2-1/2"]
[WhiteElo "1901"]
[BlackElo "2000"]
[PlyCount "142"]
[EventDate "2016.??.??"]
[EventType "tourn (rapid)"]
[EventRounds "6"]
[SourceTitle "Corr 2022"]
[Source "ChessBase"]
[SourceDate "2021.10.24"]
[SourceVersion "1"]
[SourceVersionDate "2021.10.24"]
[SourceQuality "1"]

1. e4 e5 2. Nf3 Nc6 3. Bb5 a6 4. Ba4 Nf6 5. 0-0 Be7 6. Re1 b5 7. Bb3 0-0 8. c3 d5 9. exd5 Nxd5 10. Nxe5 Nxe5 11. Rxe5 c6 12. d4 Bd6 13. Re1 Qh4 14. g3 Qh3 15. Be3 Bg4 16. Qd3 Rae8 17. Nd2 Qh5 18. Nf1 Re6 19. a4 Bf5 20. Qd2 Bh3 21. Bd1 Qg6 22. Bf3 Qf5 23. Qe2 Rfe8 24. axb5 axb5 25. Bg2 Bxg2 26. Kxg2 Bf8 27. Rad1 Qg6 28. Kh1 Qf5 29. Qd3 Qf3+ 30. Kg1 f5 31. Qe2 Qxe2 32. Rxe2 f4 33. gxf4 Nxf4 34. Rc2 Rg6+ 35. Kh1 Nd5 36. b3 c5 37. dxc5 Nxe3 38. Nxe3 Bxc5 39. Nf5 h5 40. b4 Rg5 41. Nd4 Bb6 42. Nf3 Rf5 43. Kg2 Re4 44. h3 Ref4 45. Rd6 Rxf3 46. Rxb6 R3f4 47. Re2 Kh7 48. Rbe6 Rg5+ 49. Kf1 Rgf5 50. R6e4 Rf3 51. R4e3 R3f4 52. Kg2 Rg5+ 53. Rg3 Rgf5 54. Kg1 Kg8 55. Rge3 Rg5+ 56. Kf1 Rgf5 57. Kg2 Rg5+ 58. Kh1 Rff5 59. Kh2 Rf4 60. Rd3 Kh7 61. f3 Kg6 62. Rg2 Rxg2+ 63. Kxg2 Rc4 64. Rd6+ Kf7 65. Rd5 h4 66. Rd4 Rxc3 67. Rxh4 Kf6 68. Kg3 Rc1 69. Rf4+ Ke5 70. Rg4 Kf6 71. h4 Rb1 1/2-1/2

[Event "FICGS class C 000236 email"]
[Site "FICGS email"]
[Date "2016.08.05"]
[Round "1"]
[White "Vollmer, Steve"]
[Black "Drozdovas, Arturas"]
[Result "0-1"]
[WhiteElo "1613"]
[BlackElo "2000"]
[PlyCount "68"]
[EventDate "2016.??.??"]
[EventType "tourn (corr)"]
[EventRounds "1"]
[SourceTitle "Corr 2022"]
[Source "ChessBase"]
[SourceDate "2021.10.24"]
[SourceVersion "1"]
[SourceVersionDate "2021.10.24"]
[SourceQuality "1"]

1. d4 d5 2. c4 e6 3. Nc3 c6 4. e3 Nf6 5. Nf3 Nbd7 6. Bd3 dxc4 7. Bxc4 b5 8. Bd3 Bb7 9. 0-0 a6 10. b3 c5 11. Bb2 Rc8 12. Qe2 Be7 13. Rac1 cxd4 14. exd4 0-0 15. Rfd1 Qb6 16. Ne5 Rfd8 17. Kh1 Nxe5 18. dxe5 Nd7 19. Ne4 Rxc1 20. Rxc1 Nc5 21. Nxc5 Bxc5 22. f3 g6 23. Rd1 Rd5 24. Bc2 Qa5 25. Rxd5 Bxd5 26. a4 bxa4 27. bxa4 Qb4 28. Bc1 Bb3 29. Bd2 Qxa4 30. Bd3 Qd4 31. Qf1 Bb6 32. f4 a5 33. h4 a4 34. g4 a3 0-1

[Event "FICGS class C 000244 email"]
[Site "FICGS email"]
[Date "2016.06.26"]
[Round "1"]
[White "Drozdovas, Arturas"]
[Black "Khanas, Valeriy"]
[Result "0-1"]
[WhiteElo "2000"]
[BlackElo "2068"]
[PlyCount "72"]
[EventDate "2016.??.??"]
[EventType "tourn (corr)"]
[EventRounds "1"]
[SourceTitle "Corr 2022"]
[Source "ChessBase"]
[SourceDate "2021.10.24"]
[SourceVersion "1"]
[SourceVersionDate "2021.10.24"]
[SourceQuality "1"]

1. e4 c5 2. Nf3 d6 3. c3 Nf6 4. Bd3 Nc6 5. Bc2 g6 6. h3 e5 7. 0-0 Bg7 8. Re1 0-0 9. d3 b5 10. Bb3 Qc7 11. Bg5 Rb8 12. Nbd2 Nh5 13. Rc1 Nd8 14. Be3 Ne6 15. Bxe6 Bxe6 16. b3 a5 17. a4 bxa4 18. bxa4 Nf4 19. Qc2 Rfd8 20. Rb1 Bd7 21. Nc4 d5 22. Rxb8 Rxb8 23. exd5 Nxd5 24. Ng5 h6 25. Ne4 Bf8 26. Ned2 Bc6 27. Kh1 Nf4 28. f3 Rd8 29. Bxf4 exf4 30. Kh2 h5 31. Rb1 Be7 32. Nb6 Rb8 33. Ndc4 Bh4 34. Qd1 Qd8 35. Rb2 Bf6 36. Rb3 Bg7 0-1

[Event "FICGS class C 000235 email"]
[Site "FICGS email"]
[Date "2016.06.26"]
[Round "1"]
[White "Mevel, Alberic"]
[Black "Drozdovas, Arturas"]
[Result "1/2-1/2"]
[WhiteElo "1901"]
[BlackElo "2000"]
[PlyCount "62"]
[EventDate "2016.??.??"]
[EventType "tourn (corr)"]
[EventRounds "4"]
[SourceTitle "Corr 2022"]
[Source "ChessBase"]
[SourceDate "2021.10.24"]
[SourceVersion "1"]
[SourceVersionDate "2021.10.24"]
[SourceQuality "1"]

1. e4 c5 2. Nf3 d6 3. d4 cxd4 4. Nxd4 Nc6 5. Nc3 Nf6 6. Bc4 Qb6 7. Nb3 e6 8. Bf4 Ne5 9. Be2 Be7 10. Be3 Qc7 11. f4 Nc4 12. Nb5 Qc6 13. Bxc4 Qxc4 14. Qd3 Qc6 15. N3d4 Qd7 16. 0-0-0 a6 17. Nxd6+ Qxd6 18. e5 Qc7 19. exf6 Bxf6 20. g4 0-0 21. g5 Be7 22. h4 b5 23. f5 e5 24. f6 exd4 25. fxe7 Qxe7 26. Bxd4 Bg4 27. Rhe1 Qb7 28. Rd2 Rfe8 29. Qg3 Qf3 30. Rxe8+ Rxe8 31. Qxf3 Bxf3 1/2-1/2

[Event "FICGS class A 000171 email"]
[Site "FICGS email"]
[Date "2016.06.25"]
[Round "1"]
[White "Drozdovas, Arturas"]
[Black "Galus, Stanislaw"]
[Result "1/2-1/2"]
[WhiteElo "2000"]
[BlackElo "2061"]
[PlyCount "42"]
[EventDate "2016.??.??"]
[EventType "tourn (corr)"]
[EventRounds "6"]
[SourceTitle "Corr 2022"]
[Source "ChessBase"]
[SourceDate "2021.10.24"]
[SourceVersion "1"]
[SourceVersionDate "2021.10.24"]
[SourceQuality "1"]

1. g3 e5 2. c4 Nf6 3. Bg2 c6 4. d4 exd4 5. Qxd4 Na6 6. Nf3 Bc5 7. Qe5+ Be7 8. Nc3 0-0 9. 0-0 Re8 10. Rd1 Bb4 11. Qd4 Nc5 12. Bg5 d6 13. e3 Ne6 14. Bxf6 Nxd4 15. Bxd8 Nxf3+ 16. Bxf3 Rxd8 17. Rac1 a5 18. Na4 Be6 19. Kg2 Kf8 20. Be2 Bc5 21. Nxc5 dxc5 1/2-1/2

[Event "FICGS class A 000171 email"]
[Site "FICGS email"]
[Date "2016.06.25"]
[Round "1"]
[White "Helmer, Janos"]
[Black "Drozdovas, Arturas"]
[Result "1/2-1/2"]
[WhiteElo "2185"]
[BlackElo "2000"]
[PlyCount "113"]
[EventDate "2016.??.??"]
[EventType "tourn (corr)"]
[EventRounds "6"]
[SourceTitle "Corr 2022"]
[Source "ChessBase"]
[SourceDate "2021.10.24"]
[SourceVersion "1"]
[SourceVersionDate "2021.10.24"]
[SourceQuality "1"]

1. Nf3 Nf6 2. c4 e6 3. Nc3 d5 4. d4 c6 5. e3 Bd6 6. Qc2 Nbd7 7. Bd3 dxc4 8. Bxc4 b5 9. Be2 0-0 10. 0-0 a6 11. Ng5 h6 12. Nge4 Be7 13. Rd1 Qc7 14. Bd2 Bb7 15. b4 e5 16. Rac1 exd4 17. exd4 Rad8 18. g3 Nxe4 19. Nxe4 Nf6 20. Nxf6+ Bxf6 21. Be3 Qc8 22. Bf3 Qe6 23. Rd3 Rfe8 24. a3 Rd6 25. Qc5 Qd7 26. h4 Ra8 27. Rcd1 Rd8 28. Be4 Be7 29. Bg2 Rf6 30. Qc1 Qf5 31. Qd2 Re6 32. Bf4 Re8 33. Be5 Bd8 34. Rf3 Qg6 35. Re3 f6 36. Bf4 Qf7 37. Rde1 Bb6 38. Bd6 Rxe3 39. Rxe3 Re6 40. Qe2 Rxe3 41. Qxe3 Qd7 42. Bc5 Bc7 43. Be4 f5 44. Bc2 Bc8 45. Bb3+ Kh7 46. h5 Kh8 47. f4 a5 48. Qe7 Qxe7 49. Bxe7 axb4 50. axb4 Bb6 51. Bc5 Bd8 52. Bf7 Bd7 53. Kf2 Bf6 54. Ke3 Kh7 55. Kd3 Kh8 56. Bd6 Kh7 57. Bc5 1/2-1/2